| 000 | 00673nam a22001337a 4500 | ||
|---|---|---|---|
| 040 | _cRUA | ||
| 082 | _aVEM EM 2015 B525 Or.1 | ||
| 100 | _aEM CHAMNANOUDAM; អែម ចំណានឧត្តម | ||
| 245 | _aSurvey on common diseases in suckling piglet in chear samern farm at kampong speu province; អង្កេតលើជំងឺដែលជួបប្រទះលើកូនជ្រូកអំឡុងពេលបំបៅនៅក្នុងកសិដ្ឋាន ជា សំអឿន ខេត្តកំពង់ស្ពឺ | ||
| 260 |
_aPhnom Penh _bRUA _c2015 |
||
| 300 |
_aviii; 35p; _bill; _c29cm; |
||
| 856 | _u EM CHAMNANOUDAM | ||
| 942 | _cVEM | ||
| 999 |
_c10611 _d10611 |
||